<?xml version="1.0" encoding="UTF-8"?>
<record
    xmlns:xsi="http://www.w3.org/2001/XMLSchema-instance"
    xsi:schemaLocation="http://www.loc.gov/MARC21/slim http://www.loc.gov/standards/marcxml/schema/MARC21slim.xsd"
    xmlns="http://www.loc.gov/MARC21/slim">

  <leader>02568nam a2200337 a 4500</leader>
  <controlfield tag="001">000008712</controlfield>
  <controlfield tag="003">OCoLC</controlfield>
  <controlfield tag="005">20200929161408.0</controlfield>
  <controlfield tag="008">090907s1985    ve            001 0 spa d</controlfield>
  <datafield tag="035" ind1=" " ind2=" ">
    <subfield code="a">(OCoLC)435999709</subfield>
  </datafield>
  <datafield tag="040" ind1=" " ind2=" ">
    <subfield code="a">DO-SdBNP</subfield>
    <subfield code="b">spa</subfield>
    <subfield code="c">BNPHU</subfield>
  </datafield>
  <datafield tag="090" ind1=" " ind2=" ">
    <subfield code="a">320.097253</subfield>
    <subfield code="b">S572e, 1985</subfield>
  </datafield>
  <datafield tag="100" ind1="1" ind2=" ">
    <subfield code="a">Sierra, Justo,</subfield>
    <subfield code="d">1848-1912</subfield>
    <subfield code="9">23198</subfield>
  </datafield>
  <datafield tag="245" ind1="1" ind2="0">
    <subfield code="a">Evoluci&#xF3;n pol&#xED;tica del pueblo mexicano /</subfield>
    <subfield code="c">Justo Sierra ; pr&#xF3;logo y cronolog&#xED;a Abelardo Villegas.</subfield>
  </datafield>
  <datafield tag="250" ind1=" " ind2=" ">
    <subfield code="a">2a ed.</subfield>
  </datafield>
  <datafield tag="260" ind1=" " ind2=" ">
    <subfield code="a">Caracas :</subfield>
    <subfield code="b">Biblioteca Ayacucho,</subfield>
    <subfield code="c">1985.</subfield>
  </datafield>
  <datafield tag="300" ind1=" " ind2=" ">
    <subfield code="a">xxv, 421 p. ;</subfield>
    <subfield code="c">24 cm.</subfield>
  </datafield>
  <datafield tag="490" ind1="1" ind2=" ">
    <subfield code="a">Biblioteca Ayacucho ;</subfield>
    <subfield code="v">21</subfield>
  </datafield>
  <datafield tag="500" ind1=" " ind2=" ">
    <subfield code="a">Incluye cronolog&#xED;a biogr&#xE1;fica del autor: p. 330-415</subfield>
  </datafield>
  <datafield tag="504" ind1=" " ind2=" ">
    <subfield code="a">Incluye referencias bibliogr&#xE1;ficas y notas al pie de las p&#xE1;ginas</subfield>
  </datafield>
  <datafield tag="505" ind1="0" ind2=" ">
    <subfield code="a">Pr&#xF3;logo / Abelardo Villegas -- Criterio de esta edici&#xF3;n -- Libro primero. Las civilizaciones abor&#xED;genes y la conquista -- Cap&#xED;tulo. I. Civilizaciones abor&#xED;genes -- Cap&#xED;tulo. II. Civilizaciones abor&#xED;genes -- Cap&#xED;tulo. III. La conquista -- Libro segundo. EL per&#xED;odo colonial y la independencia -- Cap&#xED;tulo. I. Fundadores y pobladores -- Cap&#xED;tulo. II. Los pacificadores -- Cap&#xED;tulo. III. Organizaci&#xF3;n social -- Cap&#xED;tulo. IV. Organizaci&#xF3;n pol&#xED;tica -- Cap&#xED;tulo. V. El crecimiento social (siglos xvi y xvii) -- Cap&#xED;tulo. VI. El crecimiento social (siglo xviii) -- Cap&#xED;tulo. VII. La independencia -- Cap&#xED;tulo.VIII. La independencia -- Libro tercero. La Rep&#xFA;blica. -- Primera parte: La anarqu&#xED;a (1825-1848) -- Cap&#xED;tulo. I. El imperio (1821-1823) -- Cap&#xED;tulo. II. Federaci&#xF3;n y militarismo (1823-1835) -- Cap&#xED;tulo. III. El centralismo y el conflicto con los Estados Unidos (1835-1848) -- Segunda parte: La reforma -- Cap&#xED;tulo. IV. Reorganizaci&#xF3;n y reacci&#xF3;n (1848-1857) -- Cap&#xED;tulo. V. La guerra de los tres a&#xF1;os (1858-1860) -- Cap&#xED;tulo. VI. La intervenci&#xF3;n (1861-1867) -- Tercera parte: La era actual -- M&#xE9;xico social y pol&#xED;tico (apuntes para un libro) -- Cap&#xED;tulo. I. Etnograf&#xED;a y demograf&#xED;a -- Cap&#xED;tulo. II. Geograf&#xED;a, econom&#xED;a, educaci&#xF3;n y colonizaci&#xF3;n -- Cap&#xED;tulo. III. Gobierno e historia pol&#xED;tica -- Cronolog&#xED;a -- Bibliograf&#xED;a.</subfield>
  </datafield>
  <datafield tag="651" ind1=" " ind2="4">
    <subfield code="a">M&#xE9;xico</subfield>
    <subfield code="x">Historia</subfield>
    <subfield code="9">5710</subfield>
  </datafield>
  <datafield tag="651" ind1=" " ind2="4">
    <subfield code="a">M&#xE9;xico</subfield>
    <subfield code="x">Pol&#xED;tica Y Gobierno</subfield>
    <subfield code="9">539</subfield>
  </datafield>
  <datafield tag="651" ind1=" " ind2="4">
    <subfield code="a">M&#xE9;xico</subfield>
    <subfield code="x">Condiciones Sociales</subfield>
    <subfield code="9">18553</subfield>
  </datafield>
  <datafield tag="650" ind1=" " ind2="4">
    <subfield code="a">Ind&#xED;genas de m&#xE9;xico</subfield>
    <subfield code="9">16976</subfield>
  </datafield>
  <datafield tag="700" ind1="1" ind2=" ">
    <subfield code="a">Villegas, Abelardo,</subfield>
    <subfield code="d">1934 -,</subfield>
    <subfield code="e">pr&#xF3;l.</subfield>
    <subfield code="9">23199</subfield>
  </datafield>
  <datafield tag="830" ind1=" " ind2="0">
    <subfield code="a">Biblioteca Ayacucho</subfield>
    <subfield code="n">21</subfield>
    <subfield code="9">23200</subfield>
  </datafield>
  <datafield tag="910" ind1=" " ind2=" ">
    <subfield code="a">Validado. Control de calidad BNPHU</subfield>
  </datafield>
  <datafield tag="952" ind1=" " ind2=" ">
    <subfield code="0">0</subfield>
    <subfield code="1">0</subfield>
    <subfield code="5">2</subfield>
    <subfield code="7">0</subfield>
    <subfield code="8">MO</subfield>
    <subfield code="a">GR</subfield>
    <subfield code="b">GR</subfield>
    <subfield code="c">CT</subfield>
    <subfield code="d">2009-09-18</subfield>
    <subfield code="i">LF1</subfield>
    <subfield code="l">0</subfield>
    <subfield code="o">320.097253 S572e, 1985</subfield>
    <subfield code="p">8712-10</subfield>
    <subfield code="r">2020-06-25</subfield>
    <subfield code="w">2020-06-25</subfield>
    <subfield code="y">2</subfield>
    <subfield code="Z">Pr&#xE9;stamo interno</subfield>
  </datafield>
  <datafield tag="994" ind1=" " ind2=" ">
    <subfield code="a">C0</subfield>
    <subfield code="b">BNPHU</subfield>
  </datafield>
  <datafield tag="999" ind1="9" ind2="9">
    <subfield code="a">1 </subfield>
    <subfield code="n">0000144</subfield>
    <subfield code="c">8482</subfield>
    <subfield code="d">8482</subfield>
  </datafield>
  <datafield tag="049" ind1=" " ind2=" ">
    <subfield code="a">BNPD</subfield>
    <subfield code="c">1 [005082]</subfield>
  </datafield>
</record>
